Možnosti monetárnej politiky z pohľadu monetárnych teórií hospodárskeho cyklu

Cieľom článku je zhodnotiť prínos hlavných monetárnych teórií hospodárskeho cyklu a ich možnosti pri tvorbe hospodárskej politiky vlády. Najviac rozpracovanou teóriou v tejto oblasti je monetárna teória hospodárskeho cyklu monetaristov a teória rovnovážneho hospodárskeho cyklu. Príčinou hospodárskyc...

ver descrição completa

Na minha lista:
Detalhes bibliográficos
Autor principal: Matoušková, Eleonóra, 1962-
Formato: Capítulo de Livro
Idioma:eslovaco
Assuntos:
Tags: Adicionar Tag
Sem tags, seja o primeiro a adicionar uma tag!

MARC

LEADER 00000nla a2200000 4500
001 0240576
005 20240712102907.6
041 0 |a slo 
044 |a SK 
245 1 0 |a Možnosti monetárnej politiky z pohľadu monetárnych teórií hospodárskeho cyklu  |c Eleonóra Matoušková 
520 |a Cieľom článku je zhodnotiť prínos hlavných monetárnych teórií hospodárskeho cyklu a ich možnosti pri tvorbe hospodárskej politiky vlády. Najviac rozpracovanou teóriou v tejto oblasti je monetárna teória hospodárskeho cyklu monetaristov a teória rovnovážneho hospodárskeho cyklu. Príčinou hospodárskych výkyvov je v obidvoch prípadoch exogénny monetárny šok. 
610 2 0 |a politika menová 
610 2 0 |a cykly hospodárske 
610 2 0 |a peniaze 
610 2 0 |a hladina cenová 
610 2 0 |a zamestnanosť 
610 2 0 |a produkcia 
100 1 |a Matoušková, Eleonóra, 1962-